Normal view
MARC view
- Neapolitan, E. Richard
Entry Personal Name
001 - CONTROL NUMBER
- control field: 111781
003 - CONTROL NUMBER IDENTIFIER
- control field: NUST
005 - DATE AND TIME OF LATEST TRANSACTION
- control field: 20230412095737.0
008 - FIXED-LENGTH DATA ELEMENTS
- fixed length control field: 230412|| aca||aabn | a|a d
040 ## - CATALOGING SOURCE
- Original cataloging agency: NUST
- Transcribing agency: NUST
100 ## - HEADING--PERSONAL NAME
- Personal name: Neapolitan, E. Richard
670 ## - SOURCE DATA FOUND
- Source citation: Work cat.: (NUST): Neapolitan, E. Richard., Artificial Intelligence: With An Introduction To Machine Learning /, 2018.
